000
00290nam a22001217a 4500
082
_a
158
_b
DHA/H
100
_a
DHAMMANANDA
245
_a
HOW TO LIVE WITHOUT FEAR & WORRY
260
_a
MALAYSIA
_b
BMS PUBLICATIONS
300
_a
254
650
_a
PERSONALITY DEVELOPMENT
_z
MALAYSIA
942
_c
BK
999
_c
5122
_d
5122